000 00657nam a2200241 i 4500
001 C2-0116181
003 PPAK
005 20180727105644.0
008 970719s1975 enk |||| ||||| | eng d
020 _a0091236215
040 _aPPAK
_beng
_cPPAK
_erda
082 0 4 _a338.091724
_223
090 0 0 _a338.091724
_bMOU
_dG
100 1 _aMountjoy, Alan B.,
_eauthor
245 1 0 _aIndustrialization and developing countries
264 1 _aLondon :
_bHutchinson ,
_c1975
300 _a200 pages ;
_c21 cm
336 _2rdacontent
_atext
337 _2rdamedia
_aunmediated
338 _2rdacarrier
_avolume
650 1 0 _aHistorical geography
942 _ddc
_cB
999 _c30404
_d30404